LEADER 01007nam0-22003371i-450- 001 990006433810403321 005 20090313092851.0 010 $a3-7255-3889-1 035 $a000643381 035 $aFED01000643381 035 $a(Aleph)000643381FED01 035 $a000643381 100 $a20010219d1999----km-y0itay50------ba 101 0 $ager 102 $aCH 105 $ay---m---001yy 200 1 $aÜber den Staat hinaus$eEine historisch-systematische Untersuchung zu F.W.J. Schelling Rechts-und Staatsphilosophie$fMarkus Hofmann 210 $aZürich$cSchulthess$d1999 215 $a239 p.$d23 cm 225 1 $aZürcher Studien zur Rechtsgeschichte$v37 676 $a340.5$v20$zit 700 1$aHofmann,$bMarkus$0241881 801 0$aIT$bUNINA$gRICA$2UNIMARC 901 $aBK 912 $a990006433810403321 952 $aXXXVII G 55$b4621 ddr$fDDR 952 $aDissertazione A 2146$b41095*$fFGBC 959 $aDDR 959 $aFGBC 996 $aÜber den Staat hinaus$9649978 997 $aUNINA LEADER 01122nam0-22003731i-450- 001 990000564940403321 005 20001010 010 $a4 9980932 1 5 035 $a000056494 035 $aFED01000056494 035 $a(Aleph)000056494FED01 035 $a000056494 100 $a20001010d--------km-y0itay50------ba 101 0 $aita 105 $ay-------001yy 200 1 $a4.th International Conference . Hydrodynamics 4 . Theory and applications$fY. Goda , M. Ikehata , K. Suzuki$g[ SOF , ICHD 2000 ] 210 $aYokohama$cICHD2000$d2000 215 $a1/2 v.$dXX , 485-979 pp.$d24 cm 610 0 $aFluidodinamica 610 0 $aMeccanica dei fluidi 676 $a532 702 1$aGoda,$bYoshimi 702 1$aIkehata,$bMitsuhisa 702 1$aSuzuki,$bK. 710 02$aSHIP AND OCEAN FOUNDATION$030503 712 02$aSOF ; ICH2000 801 0$aIT$bUNINA$gRICA$2UNIMARC 901 $aBK 912 $a990000564940403321 952 $a05 76 201$b$fDININ 959 $aDININ 996 $a4.th International Conference . Hydrodynamics 4 . Theory and applications$9319353 997 $aUNINA DB $aING01